| 000 | 00588nam a2200169 i 4500 | ||
|---|---|---|---|
| 001 | 58898 | ||
| 003 | ES-MaACL | ||
| 005 | 20230906163921.0 | ||
| 007 | t| | ||
| 008 | 031024s1973 sp ||||1| spa d | ||
| 245 | 0 | 3 |
_aLa economía aragonesa, a estudio / _cprólogo de Antonio Bruned Monspeón ; edición a cargo de Juan Domínguez Lasierra. |
| 260 |
_aZaragoza : _bHeraldo de Aragón, _c1973. |
||
| 300 |
_a246 p., 1 gráf. pleg. : _bil. ; _c24 cm. |
||
| 700 | 1 |
_aBruned Mompeón, Antonio. _932151 |
|
| 700 | 1 |
_aDomínguez Lasierra, Juan. _945223 |
|
| 852 |
_aES-MaACL _jC-56253 _bR.88730 |
||
| 999 |
_c58898 _d58898 |
||